000 02618cam a22006494i 4500
003 PE-LiUPU
005 20250731170423.0
008 180725s1997 njua rb 001 0 spa d
020 _a0023030852
020 _a9780023030857
035 _a(Sirsi) a249381
040 _aPE-LiUPU
_bspa
_cPE-LiUPU
_erda
049 _aPRUA
082 0 4 _a150.287
_bA57
_220
100 1 _aAnastasi, Anne,
_eautor.
245 1 0 _aPsychological testing /
_cAnne Anastasi, Susana Urbina.
250 _aSevent edition.
264 1 _aUpper Saddle River, New.Jersey :
_bPrentice Hall,
_c1997.
300 _axiii, 721 páginas :
_bilustraciones ;
_c24 centímetros
336 _atext
_2rdacontent
337 _aunmediated
_2rdamedia
338 _avolume
_2rdacarrier
504 _aBibliografía : páginas 561-679.
504 _aÍndice : páginas 708-721.
505 0 _aFunctions and origins od psychological testing -- Nature and Use of Psychological Tests -- Historical Antecedents of Modern Testing -- Technical and methological principles -- Norms and the Meaning of Test Scores -- Reliability -- Validity: Basic Concepts -- Validity: Measurement and Interpretation -- Item Analysis -- Ability testing -- Individual Tests -- Tests for Special Populations -- Group Testing -- Nature of Intelligence -- Psychological Issues in Ability Testing -- Personality testing -- Self-Report Personality Inventories -- Measuring Interests and Attitudes -- Projective Techniques -- Other Assessment Techniques -- Aplications of testing -- Major Contexts of Current Test Use -- Ethical and Social Considerations in Testing.
526 _aSEG68
526 _aSEG70
526 _aSEG69
526 _aSEG67
526 _aSEG43
526 _aP144
526 _aP143
526 _aP131
526 _aP122
526 _aP120
526 _aP117
526 _aP112
526 _aP110
526 _aP106
526 _aP101
526 _aP80
526 _aP59
526 _aP54
526 _aP35
526 _aP33
526 _aP30
541 _g002-00000194;
650 0 4 _aPruebas psicológicas.
650 0 4 _aPruebas de personalidad.
700 1 _aUrbina, Susana,
_eautor.
910 _adbm
_bncf
_cncf
_d20180725
942 _2ddc
_cBOOK
994 _aC0
_bPEPRU
598 _aCATALOGING
596 _a1
999 _a150.287 A57
_wLC
_c28947
_i79262
_d28947
_e2018-9-7
_f2021-11-3
_g4
_lCCODEBUL1
_mBUL
_n1
_p443.00
_r0
_sY
_tBOOK
_u2018-7-25
_xSALUD
_zP33
_0COMPRA
_1FCOMPRA
_o.STAFF. Colección Ciencias de la Salud
980 _81
_gALBERTO SANCHEZ Responsable de Automatización